000 00371 a2200145 4500
001 148052
040 _cEscola São Tomás de Aquino
100 _aBREZINA, Thomas C.
240 1 0 _aQuem está perseguindo zero-zero-au?
_lpor
245 1 0 _aQuem está perseguindo zero-zero-au?
300 _a103
362 0 _a1999
697 _a*LITERATURA INFANTO JUVENIL
942 _cBK
999 _c148052
_d148052